Регионална библиотека "Любен Каравелов" - Русе

Наивният и сантименталният писател (Запис номер 125196)

MARC детайли
000 -Лидер
Контролно поле с фиксирана дължина 01695nam a2200421 c 4500
003 - Код на организацията, давaща контролен номер
Контролно поле BLK
005 - Дата и час на последна редакция
Контролно поле 20230608014049.0
008 - Елементи от данни с фиксирана дължина
fixed length control field 180409b bul|||||r ||||||| ||bul||
010 ## - Наследен системен номер
LC control number KNG00130865000
020 ## - Международен стандартен номер на книга ISBN
Международен стандартен номер на книга ISBN 978-954-365-105-4
-- издат.: Еднорог
040 ## - Източник на каталожния запис
Идентификатор на билиотеката - собственик на записа BLK
041 ## - Код за език
Код за езика на текст/звукозапис или на отделно заглавие Български
Код за езика КДБФ Български
072 #7 - Код за тематичната категория
Код организация bullib
Код за тематична категория Н82
Текст Литературознание Н
080 ## - УДК
Текстов определител УДК Турска литература
УДК код - определител по УДК 821.512.161
УДК определител (092)
УДК - код + определител 821.512.161(092)
080 ## - УДК
Текстов определител УДК Турска литература
УДК код - определител по УДК 821.512.161
УДК определител .09
УДК - код + определител 821.512.161.09
080 ## - УДК
Текстов определител УДК Турски писател
УДК код - определител по УДК 929 Памук, Орхан
УДК определител
УДК - код + определител 929 Памук, Орхан
100 1# - Редна дума - Автор
Автор Памук, Орхан
Авторска отговорност първи автор
R(LIN) 105861
139 ## - Редно поле
Редна дума Памук, Орхан
Авторски знак Пам - П 16
245 10 - Сведения за заглавието
Заглавие Наивният и сантименталният писател
Редно поле (дума) Орхан Памук; прев. от англ. Боряна Ангелова Джанабетска.
257 ## - Страна на издаване
Страна на създаване/издаване България
260 ## - Област на издателските данни
-- София
Име на издателя, разпространителя и проч. Еднорог
Година на издаване 2012
300 ## - Физическа характеристика
Страници 159 с.
Размери/Мащаб 20 см
380 ## - Жанр
Жанр Литературознание
500 ## - Общи забележки
Забележка Ориг. загл. The naive and the sentimental novelist / Orhan Pamuk.
600 14 - Име на лице, използвано като предмет
За него / За нея Памук, Орхан
9 (RLIN) 105861
650 #4 - Допълнително описание по предмет – тема
Основно описание – тема или топоним Турска литература
9 (RLIN) 270327
653 ## - Ключова дума – ненормативна
Ключова дума турска литература
653 ## - Ключова дума – ненормативна
Ключова дума литературознание
653 ## - Ключова дума – ненормативна
Ключова дума Орхан Памук
659 ## - Тематичен бюлетин
Тематичен бюлетин Н
700 ## - Други автори (авторска отговорност)
Лично име Джанабетска, Боряна Ангелова, 1957-
9 (RLIN) 364686
852 ## - Местоположение
Форматна сигнатура Цб 255148
856 4# - Електронен адрес и достъп
Електронен формат pdf - файл
Път до файла /url/
856 4# - Електронен адрес и достъп
Електронен формат pdf - файл
Път до файла /url/
942 ## - АРТИКУЛИ
Вид на библиотечния материал Книги
Скрит в OPAC Не
Koha issues (borrowed), all copies 2
944 ## - СЪЗДАВАНЕ И РЕДАКЦИЯ на ЗАПИСА
Създаване/Редакция Създаване
Дата на регистрацията/редакция 22.05.2012
Служител, извършил регистрацията/редакцията Виолета_Тройчева
944 ## - СЪЗДАВАНЕ И РЕДАКЦИЯ на ЗАПИСА
Създаване/Редакция Редакция
Дата на регистрацията/редакция 08.05.2014
Служител, извършил регистрацията/редакцията
999 ## - СИСТЕМНИ КОНТРОЛНИ НОМЕРА
Koha biblionumber 125196
Koha biblioitemnumber 125196
Наличности
Код за отписване Код за изгубен артикул Код за повреда Коз за рестрикции Код за отдаване Артикулен № Име на библиотеката - собственик Име на библиотеката, в която се намира в момента Статус (Текущо местоположение) Дата на вписване в системата Местоположение - отдел Цена в лева Инвентарен номер Систематично азбучна сигнатура Баркод Номер на екземпляра Цена в евро Служебна бележка Служебен тип на артикула
  Не е изгубен Не е повреден без рестрикции заемане за дома 203496 Регионална библиотека "Любен Каравелов" Русе Регионална библиотека "Любен Каравелов" Русе Заемна - подръчен фонд 2012-05-23 Заемна - подръчен фонд 12.90 120000757732 П 894.35(092)/П 16 120000757732 1 6.60 Дост: Pk Вид: Ф N: 279 Дата: 09.05.2012 Дата инв: 07.02.2018 Бележки инв: П2018 Книги
  Не е изгубен Не е повреден без рестрикции ползва се в читалня 203497 Регионална библиотека "Любен Каравелов" Русе Регионална библиотека "Любен Каравелов" Русе Хранилище 2014-05-07 Хранилище 12.90 120000777080 Цб 255148 120000777080 2 6.60 Дост: Dp Вид: Д N: 24 Дата: 08.06.2013 Книги
Vip Innovations Ltd, Rousse, Bulgaria 2025